Normal view
MARC view
Entry Personal Name
001 - CONTROL NUMBER
- control field: 50769
003 - CONTROL NUMBER IDENTIFIER
- control field: ARRUPE
005 - DATE AND TIME OF LATEST TRANSACTION
- control field: 20211028095121.0
008 - FIXED-LENGTH DATA ELEMENTS
- fixed length control field: 211028|| aca||aabn | a|a d
040 ## - CATALOGING SOURCE
- Original cataloging agency: ARRUPE
- Transcribing agency: ARRUPE
100 ## - HEADING--PERSONAL NAME
- Personal name: Risatti, Howard,
- Dates associated with a name: 1943-
670 ## - SOURCE DATA FOUND
- Source citation: Work cat.: (ARRUPE)0: Risatti, Howard, 1943-, A theory of craft :, c2007.